000 00441nam a2200181Ia 4500
005 20250326141745.0
008 250326s9999 xx 000 0 und d
037 _aTextbook
040 _aFMSL
_beng
_cFMSL
041 _aeng
_2eng
084 _qFMSL
100 _aJohnson K M
_9281270
245 0 _aMarketing 1989-90
_cJohnson K M
260 _aHBS
_bHBS, Press
_c1988
300 _a116p
942 _cTB
999 _c1291822
_d1291822